Les climats (notice n° 1556912)

détails MARC
000 -LEADER
fixed length control field 01907cam a2200277zu 4500
003 - CONTROL NUMBER IDENTIFIER
control field FRCYB88974425
005 - DATE AND TIME OF LATEST TRANSACTION
control field 20251020124312.0
008 - FIXED-LENGTH DATA ELEMENTS--GENERAL INFORMATION
fixed length control field 251020s2025 fr | o|||||0|0|||fre d
020 ## - INTERNATIONAL STANDARD BOOK NUMBER
International Standard Book Number 9782200639587
035 ## - SYSTEM CONTROL NUMBER
System control number FRCYB88974425
040 ## - CATALOGING SOURCE
Original cataloging agency FR-PaCSA
Language of cataloging fr
Transcribing agency
Description conventions rda
100 1# - MAIN ENTRY--PERSONAL NAME
Personal name Moron, Vincent
245 01 - TITLE STATEMENT
Title Les climats
Remainder of title Caractéristiques, fonctionnements, variabilité
Statement of responsibility, etc. ['Moron, Vincent']
264 #1 - PRODUCTION, PUBLICATION, DISTRIBUTION, MANUFACTURE, AND COPYRIGHT NOTICE
Name of producer, publisher, distributor, manufacturer Armand Colin
Date of production, publication, distribution, manufacture, or copyright notice 2025
300 ## - PHYSICAL DESCRIPTION
Extent p.
336 ## - CONTENT TYPE
Content type code txt
Source rdacontent
337 ## - MEDIA TYPE
Media type code c
Source rdamdedia
338 ## - CARRIER TYPE
Carrier type code c
Source rdacarrier
520 ## - SUMMARY, ETC.
Summary, etc. Le climat terrestre change… et c’est désormais pratiquement sous le seul angle de sa variation contemporaine et future, majoritairement induite par le forçage anthropique, qu’il est envisagé. Le climat ne peut cependant se réduire, ni à cette tendance, ni au seul mécanisme de l'effet de serre. Il est d’abord un des éléments fondamentaux de l’environnement terrestre, et donc, à ce titre, le cadre plus ou moins structurant de nombreux éléments environnementaux et sociétaux. Cet ouvrage présente à la fois les climats terrestres selon une approche géographique classique à partir de la structuration offerte par le cycle annuel des températures et des précipitations moyennes mensuelles. Le degré de détermination et l’action des climats sera ensuite envisagé au travers de plusieurs éléments environnementaux (végétation, rendement) et sociétaux (population, PNB, Indice de développement humain). Enfin, les bases du fonctionnement physique et de la variabilité du climat seront analysées, pour permettre une contextualisation du réchauffement climatique à l'oeuvre.
650 #0 - SUBJECT ADDED ENTRY--TOPICAL TERM
Topical term or geographic name entry element
700 0# - ADDED ENTRY--PERSONAL NAME
Personal name Moron, Vincent
856 40 - ELECTRONIC LOCATION AND ACCESS
Access method Cyberlibris
Uniform Resource Identifier <a href="https://international.scholarvox.com/netsen/book/88974425">https://international.scholarvox.com/netsen/book/88974425</a>
Electronic format type text/html
Host name

Pas d'exemplaire disponible.

PLUDOC

PLUDOC est la plateforme unique et centralisée de gestion des bibliothèques physiques et numériques de Guinée administré par le CEDUST. Elle est la plus grande base de données de ressources documentaires pour les Étudiants, Enseignants chercheurs et Chercheurs de Guinée.

Adresse

627 919 101/664 919 101

25 boulevard du commerce
Kaloum, Conakry, Guinée

Réseaux sociaux

Powered by Netsen Group @ 2025